=LDR 00000nam 2200000 4500 =001 INLIS000000000023961 =005 20130612122558 =008 ***********************************Ind** =035 ##$$0010-061300000023961 =041 ##$$a Ind =082 ##$$a 621.312 =090 ##$$a 621.312, Woo p =100 ##$$a Wood, Bernard D =245 ##$$a Penerapan termodinamika, Bernard D. Wood =260 ##$$a 1987 $b Jakarta =300 ##$$a 379 hlm, ilus, 21 cm =650 ##$$a Matematika =850 ##$$a NBPNMAT